000 00320nam a2200157Ia 4500
100 _aLuthans/Fred
250 _a12
942 _cBK
366 _f25
245 _aOrganisational Behaviour
260 _bMcGraw - Hill
_c2011
082 _a302.35
_bLUT
300 _a574
546 _aENGLISH
_cInfo.Tech
999 _c30079
_d30079